000 00433nam a2200181Ia 4500
005 20240823060040.0
008 240823s9999||||xx |||||||||||||| ||und||
041 _aENGLISH
082 _A577.620 P9
100 _aMeenambal T
245 0 _aEnvironmental Science and Engineering
250 _a1st
260 _c2009
_bMJP Publi
500 _aYES
650 _aEnvironmental Science
_bMechanical
942 _cBK
999 _c230216
_d230216